Housebuilding: December 2002 (Record no. 72070)

MARC details
000 -LEADER
fixed length control field 00914cam a2200193 4500
008 - FIXED-LENGTH DATA ELEMENTS--GENERAL INFORMATION
fixed length control field 030206n2003 000 0 eng u
035 ## - SYSTEM CONTROL NUMBER
System control number (Sirsi) u121260
245 ## - TITLE STATEMENT
Title Housebuilding: December 2002
260 ## - PUBLICATION, DISTRIBUTION, ETC.
Date of publication, distribution, etc. 2003
490 ## - SERIES STATEMENT
Series statement ODPM News Release
Volume/sequential designation (HB-2) 6 February 2003, (2)
520 ## - SUMMARY, ETC.
Summary, etc. Housebuilding statistics show that in December 2002 10 700 dwellings were started in Great Britain and 17 300 completed. After allowing for seasonal variation, total starts in the three months to December were down 2% on the previous three months and at the same level when compared with the same period a year ago. For the press release: http://www.gnn.gov.uk/gnn/national.nsf/Daily+News/CF3335615D8B7F1680256CC500370246
590 ## - LOCAL NOTE (RLIN)
Local note WB
650 ## - SUBJECT ADDED ENTRY--TOPICAL TERM
Topical term or geographic name entry element HOUSE BUILDING
650 ## - SUBJECT ADDED ENTRY--TOPICAL TERM
Topical term or geographic name entry element HOUSING COMPLETIONS
650 ## - SUBJECT ADDED ENTRY--TOPICAL TERM
Topical term or geographic name entry element HOUSING STARTS
650 ## - SUBJECT ADDED ENTRY--TOPICAL TERM
Topical term or geographic name entry element HOUSING CORPORATION
690 ## - LOCAL SUBJECT ADDED ENTRY--TOPICAL TERM (OCLC, RLIN)
Topical term or geographic name as entry element HOUSING-DEVELOPMENT
942 ## - ADDED ENTRY ELEMENTS (KOHA)
Suppress in OPAC 0
Holdings
Withdrawn status Lost status Source of classification or shelving scheme Damaged status Not for loan Home library Current library Shelving location Date acquired Total Checkouts Barcode Date last seen Copy number Price effective from Koha item type
    Dewey Decimal Classification     London London News article 06/02/2003   121260-1001 06/08/2019 1 06/08/2019 News article